MDQL
is popping MORE tags! Check the
thread
!
Quizzes
Events
Quiz Creation
Community
Videos
Private Events
Remove Ads
Sign In
Join for FREE
Feedback
Dark Mode
Quiz Categories
Sports
Geography
Music
Movies
Television
Just For Fun
Miscellaneous
History
Literature
Language
Science
Gaming
Entertainment
Religion
Holiday
For Kids
Quiz Lab
Recent
Popular Today
Quiz Kudos Today
Editor Picks
Curator Picks
Quizzes by...
Day
Popularity
Type
Ratings
Length
Year
Community
Subscriptions
Recent Discussions
Orange Saloon
Badges
Playlists
Quests
Create
Leaderboards
Showdown
Live 5
Trivia Bingo
Activity
Puzzle Library
Sporcle Events
Private Events
Virtual Trivia
Globe League
Become a Host
Pub Owners
SporcleCon
Opinionation
Our Games
Videos
Blog
Mobile Apps
Partnerships
Remove Ads and Go Orange
Feedback
Language
Vocabulary
Begins and Ends
Definition
Spanish
French
German
Italian
Chinese
Latin
Translation
Japanese
Language
Vocabulary
Begins and Ends
Definition
Spanish
French
German
Italian
Chinese
Latin
Translation
Japanese
Random Quiz
Search Sporcle
×
Quiz Lab
Quiz Lab
Language
Ending
Type in answers that appear in a list
Type in answers that appear in a list
Classic
Best Score? Go Orange.
Ends in Loo Stats
Can you name the words ending in Loo?
By
teggers
3m
12 Questions
27 Plays
27 Plays
27 Plays
Comments
Comments
Give Quiz Kudos
Give Quiz Kudos
-
- Ratings
hide this ad
Replay
Link that replays current quiz
Next Quiz
Link to next quiz in quiz playlist
You Got
0%
They Got
Avg Score
51%
Avg Friend Score
Upgrade to see
Score Distribution
Jump to the score distribution portion of the page
Score
0/12
Timer
03:00
0
Plays Today
Clue
Word
% Correct
A bathroom or toilet
Loo
92.6%
The name of the bear in the Jungle Book
Baloo
85.2%
Shelter used by the Eskimo people
Igloo
85.2%
Battle in which Napoleon was finally defeated
Waterloo
81.5%
A commotion or fuss
Hullabaloo
51.9%
Popular Indian curry dish around the world
Vindaloo
51.9%
Harry Potter universe's mode of transportation; the _
_
_
_
Network
Floo
48.1%
The Fifth Element Milla Jovovich character's name
Leeloo
44.4%
South Asian term for potatoes found in many dishes' name
Aloo
37%
Exclamation used to attract someone's attention
Halloo
22.2%
House of Sand and Fog Iranian-
American actress, Shohreh...
Aghdashloo
18.2%
A Holden Special Vehicles car model being the Gen-
F the most recent series
Maloo
14.8%
Quiz Playlist
Details
Report
Send in Message
Add To Playlist
Classic:
Type in answers that appear in a list
Last Updated: Feb 16, 2017
Quiz Scoreboard
CHALLENGE
Sign Up to Join the Scoreboard
Show All
Scores
Hide
Comments
May contain spoilers
Recently Published
Find the 'City' Movie
by crazypaving
Movies
60s
5x2 Blitz: Bands
by SL_Kpop136
Music
30s
Colored Red Africa Blitz
by spor1
Geography
30s
More to Explore
Quiz From the Vault
Featured Blog Post
14 Easter Pick-up Lines to Find Eggs With
hide this ad
You Might Also Like...
Tags
end
Ending
Today's Top Quizzes in Language
Browse Language
hide this ad
Today's Top Quizzes in Ending
Browse Ending
Top Contributed Quizzes in Language
1
1-10 Letter F Words III
2
1-10 Letter G Words III
3
1-10 Letter H Words III
4
1-10 Letter I Words III
5
1-10 Letter K Words III
6
1-10 Letter L Words III
7
1-10 Letter M Words III
8
1-10 Letter J Words III
9
1-10 Letter N Words III
10
Greek Alphabet Match
Explore More
Trending Topics
Marvel
Kpop
Disney
Crossword
Harry Potter
Anime
NBA
Country
WWE
Song
Soccer
NFL
Puzzle
Pokémon
The Office
hide this ad
More By:
teggers
Quiz
Plays
Rating
Category
Featured
Created
Most Visited European Countries
121,141
3.70
Geography
Dec 12, 2015
Most Visited Asian Countries
87,680
4.40
Geography
Dec 12, 2015
Most Visited American Countries
82,848
4.65
Geography
Dec 13, 2015
Cucumber Producing Countries
57,911
4.58
Geography
Jul 12, 2013
Top 10 Richest Countries in North America
48,500
4.20
Geography
Apr 1, 2013
Go to Creator's Profile
Score Distribution
Quiz Creator Spotlight
teggers
Follow
Send a Message
Quizzes Created
-
Created Quiz Play Count
-
More By This Creator
Popular Quizzes Today
1
Find the 'City' Movie
2
Colored Red Africa Blitz
3
5x2 Blitz: Bands
4
Find the US States - No Outlines Minefield
5
The Countries of the World
6
Find the US States
7
US States
8
9x9 Crossword: Cartoon Network
More Language Quizzes
Animals That Aren't Really Animals
Published
Trending Quizzes
Colored Red Europe Blitz I
Colored Red Africa Blitz II
Colored Red Europe Blitz II
Colored Red Europe Blitz III
Colored Red Africa Blitz III
Recently Updated
Famous TV Couples
Peacemaker
Champions League XIs: Real Madrid
pecheneg
Largest US Cities 1790-2010
pecheneg
Rides in Walt Disney World
pecheneg
Most Oscar Losses (Acting)
pecheneg
Beyoncé Albums
pecheneg
Leaping Animals
pecheneg
Reality TV Shows (A-Z)
bhenderson79
Rickey Henderson's Hall of Fame Teammates
pecheneg
Champions League XIs: Arsenal
pecheneg
Trending Topics
Harry Potter
Anime
NBA
Disney
Kpop
Crossword
Marvel
WWE
Song
NFL
Pokémon
Puzzle
Soccer
The Office
Country
Your Account Isn't Verified!
In order to create a playlist on Sporcle, you need to verify the email address you used during registration. Go to your
Sporcle Settings
to finish the process.
Report this User
Report this user for behavior that violates our
Community Guidelines
.
Details:
Send Report
Go to the Sporcle.com Mobile Site →
Comments